A room with a view (Record no. 4233)
[ view plain ]
| 000 -LEADER | |
|---|---|
| fixed length control field | 00387cam a2200157ua 4500 |
| 001 - CONTROL NUMBER | |
| control field | 5053 |
| 005 - DATE AND TIME OF LATEST TRANSACTION | |
| control field | 20260515113829.0 |
| 008 - FIXED-LENGTH DATA ELEMENTS--GENERAL INFORMATION | |
| fixed length control field | 120303n ii |||gr||||Z||||||eng |
| 040 ## - CATALOGING SOURCE | |
| Transcribing agency | MAIN |
| 100 ## - MAIN ENTRY--PERSONAL NAME | |
| Personal name | Forster, E. M., |
| Relator term | Author, |
| 245 11 - TITLE STATEMENT | |
| Title | A room with a view |
| Statement of responsibility, etc. | by E. M. Forster |
| 250 ## - EDITION STATEMENT | |
| Edition statement | 1st. |
| 260 ## - PUBLICATION, DISTRIBUTION, ETC. | |
| Place of publication, distribution, etc. | Delhi: |
| Name of publisher, distributor, etc. | Surjeet publications, |
| Date of publication, distribution, etc. | 2004. |
| 300 ## - PHYSICAL DESCRIPTION | |
| Extent | 211p: |
| Dimensions | 23cm. |
| 942 ## - ADDED ENTRY ELEMENTS (KOHA) | |
| Koha item type | Books |
| Withdrawn status | Lost status | Damaged status | Not for loan | Home library | Current library | Shelving location | Date acquired | Total checkouts | Full call number | Barcode | Date last seen | Copy number | Price effective from | Koha item type |
|---|---|---|---|---|---|---|---|---|---|---|---|---|---|---|
| Naharkatiya College Library | Naharkatiya College Library | General stacks | 09/19/2020 | 823 | FOR | 15627 | 09/19/2020 | 1 | 09/19/2020 | Books |